| 000 | 00686cam a2200241 4500 | ||
|---|---|---|---|
| 001 | J2576 | ||
| 008 | 090401t1994 xxu||||| |||| 00| 0 eng d | ||
| 035 | _a(Sirsi) u49898 | ||
| 041 | _aeng | ||
| 050 | _a711.10212 | ||
| 110 |
_aUnited Kingdom _bDepartment of the Environment _9982 |
||
| 245 | _aDevelopment control statistics: England 1992/93. | ||
| 260 |
_aLondon _bDepartment of the Environment _c1994 |
||
| 300 | _aiv,74p. : ill.,maps ; 30cm. | ||
| 350 | _a0 | ||
| 650 | _aDEVELOPMENT CONTROL | ||
| 650 | _aPLANNING APPEALS | ||
| 650 | _aPLANNING APPLICATIONS | ||
| 650 | _aPLANNING DECISIONS | ||
| 690 | _aPLANNING LAW AND PRACTICE | ||
| 942 | _n0 | ||
| 948 | _c04/03/1997 | ||
| 999 |
_c92612 _d92612 |
||